Acronymes - 4 lettres - T - Statistiques

Statistiques générales
  • Ce quiz a été pris 20 fois
  • Le résultat moyen est 6 sur 24
Statistiques - réponses
Hint Réponse % Correct
Françaises
78%
Australes
72%
TAAF Terres
72%
Antarctiques
61%
TAEG Taux
56%
Sécurité
33%
TASS Tribunal
33%
Sociale
28%
Friday
22%
TIPP Taxe
22%
God
17%
Intérieure
17%
It's
17%
TGIF Thank
17%
Actuariel
11%
Image
11%
Pétroliers
11%
Produits
11%
Affaires
6%
Format
6%
Global
6%
Effectif
0%
File
0%
TIFF Tagged
0%
Aucun quiz correspondant
Distribution des résultats
% des personnes avec chaque résultat
Percentile par nombre de réponses
Votre historique - résultats
Vous n’avez pas pris ce quiz